Familie der Zukunft: Lebensbedingungen und Lebensformen
| Corporate Author: | |
|---|---|
| Contributors: | ; |
| Format: | Print Book |
| Language: | German |
| Published: |
Opladen
Leske + Budrich
1995
|
| In: |
Schriftenreihe Sozialstrukturanalyse (6)
Year: 1995 |
| Online Access: |
Cover Table of Contents Table of Contents |
| Availability in Tübingen: | Present in Tübingen. IFK: O V 280 |
| Check availability: | HBZ Gateway |
| Subito Delivery Service: | Order now. |
| Volumes / Articles: | Show volumes/articles. |
| Keywords: |
MARC
| LEADER | 00000cam a2200000 c 4500 | ||
|---|---|---|---|
| 001 | 183779304 | ||
| 003 | DE-627 | ||
| 005 | 20260206204134.0 | ||
| 007 | tu | ||
| 008 | 950421s1995 gw ||||| 00| ||ger c | ||
| 010 | |a 96181376 | ||
| 020 | |a 3810014028 |9 3-8100-1402-8 | ||
| 035 | |a (DE-627)183779304 | ||
| 035 | |a (DE-603)035007621 | ||
| 035 | |a (DE-576)043667430 | ||
| 035 | |a (DE-599)GBV183779304 | ||
| 035 | |a (OCoLC)35816290 | ||
| 035 | |a (DE-604)8101312601 | ||
| 040 | |a DE-627 |b ger |c DE-627 |e rakwb | ||
| 041 | |a ger | ||
| 044 | |c XA-DE | ||
| 050 | 0 | |a HQ625 | |
| 082 | 0 | |a 306.85/0943 |q LOC |2 21 | |
| 082 | 0 | |a 306.850943 | |
| 084 | |a 14 |2 sdnb | ||
| 084 | |a MS 1900 |2 rvk |0 (DE-625)rvk/123624: | ||
| 084 | |a DU 4000 |2 rvk |0 (DE-625)rvk/20046:761 | ||
| 084 | |a 71.21 |2 bkl | ||
| 245 | 0 | 0 | |a Familie der Zukunft |b Lebensbedingungen und Lebensformen |c Uta Gerhardt; Stefan Hradil ... (Hrsg.) |
| 264 | 1 | |a Opladen |b Leske + Budrich |c 1995 | |
| 300 | |a 353 S. |b graph. Darst. |c 22 cm | ||
| 336 | |a Text |b txt |2 rdacontent | ||
| 337 | |a ohne Hilfsmittel zu benutzen |b n |2 rdamedia | ||
| 338 | |a Band |b nc |2 rdacarrier | ||
| 490 | 1 | |a Schriftenreihe "Sozialstrukturanalyse" |v 6 | |
| 500 | |a Tagung "Familie der Zukunft" in Bonn vom April 1994 | ||
| 505 | 8 | |a Literaturangaben | |
| 505 | 8 | |a Literaturangaben | |
| 650 | 0 | |a Families |z Germany |x Forecasting | |
| 650 | 0 | |a Households |z Germany |x Forecasting | |
| 650 | 0 | 7 | |0 (DE-588)4133736-0 |0 (DE-627)105677930 |0 (DE-576)209646411 |a Familiensoziologie |2 gnd |
| 650 | 4 | |a Familiensoziologie | |
| 650 | 4 | |a Sozialer Wandel | |
| 650 | 4 | |a Soziale Ungleichheit | |
| 650 | 4 | |a Familienrecht | |
| 650 | 4 | |a Kind | |
| 655 | 7 | |a Konferenzschrift |y 1994 |z Bonn |0 (DE-588)1071861417 |0 (DE-627)826484824 |0 (DE-576)433375485 |2 gnd-content | |
| 689 | 0 | 0 | |d s |0 (DE-588)4133736-0 |0 (DE-627)105677930 |0 (DE-576)209646411 |a Familiensoziologie |2 gnd |
| 689 | 0 | |5 DE-101 | |
| 700 | 1 | |a Gerhardt, Uta |d 1938- |e Hrsg. |0 (DE-588)120145235 |0 (DE-627)080476686 |0 (DE-576)161093434 |4 edt | |
| 700 | 1 | |a Hradil, Stefan |d 1946- |0 (DE-588)115888098 |0 (DE-627)077535863 |0 (DE-576)161500323 |4 oth | |
| 711 | 2 | |a Tagung Familie der Zukunft |d 1994 |c Bonn |0 (DE-588)5231471-6 |0 (DE-627)231701357 |0 (DE-576)196402999 |4 oth | |
| 830 | 0 | |a Schriftenreihe Sozialstrukturanalyse |v 6 |9 6 |w (DE-627)169216942 |w (DE-576)030471958 |w (DE-600)914133-9 |7 am | |
| 856 | 4 | 2 | |u http://www.gbv.de/dms/ilmenau/toc/183779304.PDF |m V:DE-601 |m B:DE-ilm1 |q pdf/application |x Verlag |y Inhaltsverzeichnis |3 Inhaltsverzeichnis |7 1 |
| 856 | 4 | 2 | |u https://swbplus.bsz-bw.de/bsz043667430cov.jpg |m V:DE-576 |m X:springer |q image/jpeg |v 20150402152322 |3 Cover |7 1 |
| 856 | 4 | 2 | |u http://scans.hebis.de/HEBCGI/show.pl?03500762_toc.pdf |m V:DE-605;X:Imageware |q application/pdf |3 Inhaltsverzeichnis |7 1 |
| 935 | |i Blocktest | ||
| 935 | |h HEB |i 0501 | ||
| 935 | |h HEB |i 0503 | ||
| 936 | r | v | |a MS 1900 |b Allgemeine Darstellungen |k Soziologie |k Spezielle Soziologien |k Familiensoziologie |k Allgemeine Darstellungen |0 (DE-627)1270818015 |0 (DE-625)rvk/123624: |0 (DE-576)200818015 |
| 936 | r | v | |a DU 4000 |b Allgemeines und Deutschland |k Pädagogik |k Pädagogische Soziologie |k Familiensoziologie |k Allgemeines und Deutschland |0 (DE-627)1270809792 |0 (DE-625)rvk/20046:761 |0 (DE-576)200809792 |
| 936 | b | k | |a 71.21 |j Familie |j Verwandtschaft |x Soziologie |0 (DE-627)106416588 |
| 936 | s | n | |a d100 |2 mzub |
| 936 | s | n | |a m200 |2 mzub |
| 951 | |a BO | ||
| ELC | |b 1 | ||
| LOK | |0 000 xxxxxcx a22 zn 4500 | ||
| LOK | |0 001 3291764544 | ||
| LOK | |0 003 DE-627 | ||
| LOK | |0 004 183779304 | ||
| LOK | |0 005 20151116135000 | ||
| LOK | |0 008 150728||||||||||||||||ger||||||| | ||
| LOK | |0 040 |a DE-21-110 |c DE-627 |d DE-21-110 | ||
| LOK | |0 689 |a s |a Familienpolitik | ||
| LOK | |0 689 |a s |a Familienrecht | ||
| LOK | |0 689 |a s |a Familiensoziologie | ||
| LOK | |0 852 |a DE-21-110 | ||
| LOK | |0 852 1 |c O V 280 |m p |9 00 | ||
| LOK | |0 935 |a k110 | ||
| LOK | |0 938 |k p | ||
| LOK | |0 939 |a 28-07-15 |b l01 | ||
| ORI | |a SA-MARC-krimdoka001.raw | ||
| SIG | |a IFK: O V 280 | ||
| SPR | |a 1 |t KRI | ||
| TIM | |a 100019940101_100019941231 |b 1994 - 1994 | ||
